| 000 | 00474nam a2200133 a 4500 | ||
|---|---|---|---|
| 008 | 120416s1965 ||||||||||||||||| || u | ||
| 050 | _aHF 5549.A3 And | ||
| 100 | _aAnderson, Richard C | ||
| 245 | 1 | 0 | _aManagement strategies |
| 260 |
_aNew York _bMcGraw-Hill _c1965 |
||
| 300 | _axii, 242p. : ill. | ||
| 350 | _a0.00 | ||
| 995 |
_D0.00 _FCBU-MAIN LIBRARY (Kitwe) _H1 _I0.00 _UAVAILABLE _ZMain Library Open Access Collection |
||
| 999 |
_c50028 _d50028 |
||